Central Library OPAC University of Rajshahi

International finance (Record no. 58337)

MARC details
000 -LEADER
fixed length control field 00820nam a2200289 a 4500
001 - CONTROL NUMBER
control field 58337
003 - CONTROL NUMBER IDENTIFIER
rucl marc code BD-RJUL
005 - DATE AND TIME OF LATEST TRANSACTION
control field 20211209080617.0
008 - FIXED-LENGTH DATA ELEMENTS--GENERAL INFORMATION
fixed length control field 161218s1965 njua b 000 0 eng
035 ## - SYSTEM CONTROL NUMBER
System control number BD-RJUL 58461
System control number (OCoLC)00250139
System control number GLIS00487895
040 ## - CATALOGING SOURCE
Original cataloging agency DLC
Transcribing agency WSU
Modifying agency OCL
-- RCD
Language of cataloging eng
041 ## - LANGUAGE CODE
Language code of text/sound track or separate title eng
082 ## - DEWEY DECIMAL CLASSIFICATION NUMBER
Edition number 23
Classification number 332
Author mark and year RII 1965
090 ## - LOCALLY ASSIGNED LC-TYPE CALL NUMBER (OCLC); LOCAL CALL NUMBER (OCLC)
Classification number (OCLC) (R) ; Classification number, CALL (RLIN) (NR) HG3881
Local cutter number (OCLC) ; Book number/undivided call number, CALL (RLIN) .W262
099 ## - LOCAL FREE-TEXT CALL NUMBER (OCLC)
Bangla Class number HG3881.W262
100 1# - MAIN ENTRY--PERSONAL NAME
Personal name Ward, Richard J.
Fuller form of name (Richard Joseph),
Dates associated with a name 1921-
9 (RLIN) 173270
245 10 - TITLE STATEMENT
Title International finance
Statement of responsibility, etc. [by] Richard Ward.
260 ## - PUBLICATION, DISTRIBUTION, ETC. (IMPRINT)
Place of publication, distribution, etc. Englewood Cliffs, N.J. :
Name of publisher, distributor, etc. Prentice-Hall,
Date of publication, distribution, etc. [1965]
300 ## - PHYSICAL DESCRIPTION
Pagination x, 213 p. :
Illustrations ill. ;
Size 24 cm.
504 ## - BIBLIOGRAPHY, ETC. NOTE
Bibliography, etc Includes bibliographies.
650 #0 - SUBJECT ADDED ENTRY--TOPICAL TERM
Topical term or geographic name as entry element International finance.
9 (RLIN) 173271
942 ## - ADDED ENTRY ELEMENTS (KOHA)
Source of classification or shelving scheme Dewey Decimal Classification
Koha item type Books
949 ## - LOCAL PROCESSING INFORMATION (OCLC)
a MYGD
Holdings
Lost status Source of classification or shelving scheme Damaged status Not for loan Collection code Permanent Location Current Location Shelving location Date acquired Source of acquisition Total Checkouts Full call number Date last seen Copy number Koha item type
  Dewey Decimal Classification   Not For Loan Non-fiction Central Library, University of Rajshahi Central Library, University of Rajshahi Reading Room 14/03/1974 Canada Govt.   332 RII 1965 18/12/2016 C-1 Books